[Event "FRA-ch U14 Girls"]
[Site "Montbeliard"]
[Date "2014.04.23"]
[Round "5"]
[White "Fornes, Marie"]
[Black "Seite, Yamina"]
[Result "0-1"]
[WhiteElo "1395"]
[BlackElo "1622"]
[PlyCount "74"]
[EventDate "2014.04.21"]
[EventType "swiss"]
[EventRounds "9"]
[EventCountry "FRA"]
[SourceTitle "CBM 160 Extra"]
[Source "ChessBase"]
[SourceDate "2014.07.01"]
[SourceVersion "1"]
[SourceVersionDate "2014.07.01"]
[SourceQuality "1"]

1. e4 e6 2. d4 d5 3. e5 c5 4. c3 Nc6 5. Nf3 Bd7 6. Be2 f6 7. Be3 fxe5 8. Nxe5 Nxe5 9. dxe5 g6 10. Nd2 Nh6 11. Nb3 Qc7 12. f4 Nf5 13. Bf2 b6 14. 0-0 Bg7 15. Nd2 0-0 16. Nf3 h6 17. Bd3 Rae8 18. Qd2 Rf7 19. Nh4 g5 20. Nxf5 exf5 21. g3 Re6 22. Be2 gxf4 23. Bh5 Rfe7 24. gxf4 Qb7 25. Bh4 Be8 26. Bxe7 Bxh5 27. Bh4 Be8 28. Rad1 Bc6 29. Qd3 Rg6+ 30. Bg3 Qd7 31. Rfe1 h5 32. h4 Bf8 33. Kf2 d4 34. cxd4 cxd4 35. Kg1 Qd5 36. Rd2 Qh1+ 37. Kf2 Qg2# 0-1